Churches in lower Nubia / (Record no. 27491)
[ view plain ]
| 000 -LEADER | |
|---|---|
| fixed length control field | 01052cam a22002891 4500 |
| 001 - CONTROL NUMBER | |
| control field | 8694135 |
| 003 - CONTROL NUMBER IDENTIFIER | |
| control field | EG-ScBUE |
| 005 - DATE AND TIME OF LATEST TRANSACTION | |
| control field | 20221213095502.0 |
| 008 - FIXED-LENGTH DATA ELEMENTS--GENERAL INFORMATION | |
| fixed length control field | 790718q1910 pauah f 000 0 eng d |
| 020 ## - INTERNATIONAL STANDARD BOOK NUMBER | |
| International Standard Book Number | 9781361039243 |
| 035 ## - SYSTEM CONTROL NUMBER | |
| System control number | (OCoLC)5182097 |
| 040 ## - CATALOGING SOURCE | |
| Original cataloging agency | DLC |
| Language of cataloging | eng |
| Description conventions | rda |
| Transcribing agency | MiGrC |
| Modifying agency | MiGrC |
| -- | DLC |
| -- | EG-ScBUE |
| 043 ## - GEOGRAPHIC AREA CODE | |
| Geographic area code | f-ua--- |
| 082 04 - DEWEY DECIMAL CLASSIFICATION NUMBER | |
| Classification number | 726.1093978 |
| Item number | MIL |
| Edition number | 22 |
| 100 1# - MAIN ENTRY--PERSONAL NAME | |
| Personal name | Mileham, Geoffrey S., |
| Relator term | author. |
| 245 10 - TITLE STATEMENT | |
| Title | Churches in lower Nubia / |
| Statement of responsibility, etc | by Geoffrey S. Mileham ; edited by D. Randall-Maciver. |
| 264 #1 - PUBLICATION, DISTRIBUTION, ETC. (IMPRINT) | |
| Place of publication, distribution, etc | Philadelphia, |
| Name of publisher, distributor, etc | The University Museum, |
| Date of publication, distribution, etc | [1910] |
| 300 ## - PHYSICAL DESCRIPTION | |
| Extent | xv, 57 pages, 39 pages of plates : |
| Other physical details | illustrations ; |
| Dimensions | 22 cm. |
| 490 0# - SERIES STATEMENT | |
| Series statement | University of Pennsylvania. |
| -- | Egyptian department of the University Museum. |
| -- | Eckley B. Coxe junior expedition to Nubia ; |
| Volume number/sequential designation | vol. II |
| 610 27 - SUBJECT ADDED ENTRY--CORPORATE NAME | |
| Corporate name or jurisdiction name as entry element | Coptic Church. |
| Source of heading or term | BUEsh |
| 9 (RLIN) | 14215 |
| 650 #7 - SUBJECT ADDED ENTRY--TOPICAL TERM | |
| Topical term or geographic name as entry element | Church architecture |
| Geographic subdivision | Nubia. |
| Source of heading or term | BUEsh |
| 651 ## - SUBJECT ADDED ENTRY--GEOGRAPHIC NAME | |
| Source of heading or term | BUEsh |
| 653 ## - INDEX TERM--UNCONTROLLED | |
| Resource For college | Engineering, General |
| Arrived date list | May2019 |
| 655 ## - INDEX TERM--GENRE/FORM | |
| Form subdivision | Reading book |
| 700 2# - ADDED ENTRY--PERSONAL NAME | |
| Personal name | Randall-MacIver, David, |
| Dates associated with a name | 1873-1945, |
| Relator term | editor. |
| 942 ## - ADDED ENTRY ELEMENTS (KOHA) | |
| Source of classification or shelving scheme | Dewey Decimal Classification |
| Koha item type | Book - Borrowing |
| Withdrawn status | Lost status | Source of classification or shelving scheme | Damaged status | Not for loan | Collection code | Home library | Current library | Shelving location | Date acquired | Source of acquisition | Cost, normal purchase price | Serial Enumeration / chronology | Total Checkouts | Full call number | Barcode | Date last seen | Cost, replacement price | Koha item type |
|---|---|---|---|---|---|---|---|---|---|---|---|---|---|---|---|---|---|---|
| Dewey Decimal Classification | Baccah | Central Library | Central Library | Second Floor | 28/05/2019 | Purchase | 420.00 | 32510 | 726.1093978 MIL | 000047875 | 15/07/2025 | 525.00 | Book - Borrowing |